000 00277nam a22001337a 4500
008 171123b xxu||||| |||| 00| 0 eng d
020 _a9780078820250
041 _aeng
080 _22ND
_a721
100 _a27
101 _aSHK
245 _aC++
_cSCHILDT,H
942 _2udc
_cBK
999 _c38377
_d38377